1 prénom pour une marque alimentaire - Statistiques

Statistiques générales
  • Ce quiz a été pris 43 fois
    9 depuis la dernière actualisation
  • Le résultat moyen est 8 sur 11
Statistiques - réponses
Hint Réponse % Correct
Bridou Justin
100%
Saurin William
100%
Daniel's Jack
86%
Pérac Lou
86%
Vabre Jacques
71%
Walker Johnnie
71%
Brizard Marie
71%
Ranou Monique
71%
Martinet Pierre
57%
Artois Stella
57%
Wan Suzi
43%
Aucun quiz correspondant
Distribution des résultats
% des personnes avec chaque résultat
Percentile par nombre de réponses
Votre historique - résultats
Vous n’avez pas pris ce quiz depuis la dernière actualisation